Statistics for Fallout: New Vegas - Main Characters

Click here to take the quiz!

General Stats

  • This quiz has been taken 858 times
  • The average score is 22 of 47

Answer Stats

HintAnswer% Correct
former NCR sniper (companion)Boone
95%
Soveriegn leader of New VegasMr. House
92%
Chairmen leader who steals Platinum ChipBenny
90%
cyberdog (companion)Rex
89%
eyebot (companion)ED-E
88%
reprogrammed Securitron that can help take over New VegasYes Man
85%
leader of the LegionCaesar
79%
ghoul handyman (companion)Raul
79%
Securitron with cowboy personalityVictor
79%
former caravan owner (companion)Cass
77%
host of the only news radio showMr. New Vegas
76%
Follower doctor / Enclave remnant (companion)Arcade
75%
Brotherhood of Steel scavenger (companion)Veronica
75%
leader of Freeside and its gangThe King
71%
elderly nightkin (companion)Lily
64%
President of the NCRKimball
62%
Legion's ruthless top field commanderLegatus Lanius
59%
Great Khans leader, wants revengePapa Khan
54%
head of the Frumentarii, sly as a foxVulpes
45%
Boomers leaderPearl
42%
commander of all NCR forces in the MojaveGeneral Oliver
40%
leader of brotherhood of religious ghouls in rocketsJason Bright
39%
NCR commander at Camp McCarranColonel Hsu
38%
crazy nightkin leader at Black MountainTabitha
38%
Brotherhood of Steel leaderElder McNamara
37%
leader of Super mutants in JacobstownMarcus
37%
Chairmen underboss who takes overSwank
36%
NCR's ambassador to New VegasCrocker
35%
Followers of the Apocalypse leader (at Old Mormon Fort)Julie Farkas
34%
Fiends leader, armed with chainsawMotor-Runner
34%
his mischievous right-hand manPacer
34%
Omerta underboss who can help foil the plotCachino
31%
Omerta leader who plans a revolt on the StripBig Sal
29%
Van Graffs (female) bossGloria
28%
White Glove (male) leader who wants to return to cannibalismMortimer
28%
Crimson Caravan bossAlice McLafferty
26%
last name of the twins running the Atomic WranglerGarret
23%
Primm's Mojave Express boss and shop ownerJohnson Nash
23%
Boomers elder who leads restoration of the B29 bomberLoyal
23%
Brotherhood's 2nd ranking member, wants to take overHead Paladin Hardin
21%
head of the NCR RangersChief Hanlon
20%
NCR commander at Hoover DamColonel Moore
20%
head of the Praetorian GuardLucius
20%
Powder Ganger boss at the prisonEddie
17%
White Glove Society (female) leaderMarjorie
17%
Great Khans second-in-command, favors reconciliationRegis
12%
Powder Ganger leader at Vault 19Cooke
10%

Score Distribution

Percentile by Number Answered

Percent of People with Each Score

Your Score History

You have not taken this quiz